[Event "Niteroi op 2nd"]
[Site "Niteroi"]
[Date "2022.09.02"]
[Round "3"]
[White "Santiago, Yago de Moura"]
[Black "Sega, Carlos Alberto"]
[Result "1-0"]
[WhiteElo "2448"]
[BlackElo "2184"]
[PlyCount "95"]
[EventDate "2022.09.01"]
[EventType "swiss"]
[EventRounds "9"]
[EventCountry "BRA"]
[SourceTitle "CBM 210 Extra"]
[Source "ChessBase"]
[SourceDate "2022.11.30"]
[SourceVersion "1"]
[SourceVersionDate "2022.11.30"]
[SourceQuality "1"]

1. d4 Nf6 2. c4 e6 3. Nc3 Bb4 4. e3 0-0 5. Bd3 d5 6. Nge2 dxc4 7. Bxc4 e5 8. a3 Bd6 9. Nb5 Nc6 10. Nxd6 Qxd6 11. 0-0 exd4 12. exd4 Nd5 13. Be3 Be6 14. Bd3 Rad8 15. Qc2 h6 16. b4 f5 17. b5 Nce7 18. Bd2 Rd7 19. Rfe1 Kh8 20. g3 g5 21. Bc4 c6 22. bxc6 Qxc6 23. Rac1 b5 24. Ba2 Qxc2 25. Rxc2 Rf6 26. Nc1 Rc7 27. Rb2 a6 28. Nd3 Bg8 29. Ba5 Rc8 30. Ne5 Kg7 31. h4 f4 32. a4 fxg3 33. fxg3 b4 34. Nd7 Rf3 35. Bxb4 Nf5 36. Bxd5 Bxd5 37. Nb6 Rd8 38. Be7 Nxe7 39. Rxe7+ Kf6 40. Re5 Bf7 41. Rf2 Rxf2 42. hxg5+ hxg5 43. Kxf2 Rxd4 44. Ra5 Bc4 45. Ke3 Rg4 46. Nd7+ Ke6 47. Nc5+ Ke5 48. Ne4+ 1-0

[Event "Florianopolis op 8th"]
[Site "Florianopolis"]
[Date "2022.01.29"]
[Round "8"]
[White "Aranha Filho, Alvaro Zimmermann"]
[Black "Sega, Carlos Alberto"]
[Result "1/2-1/2"]
[WhiteElo "2283"]
[BlackElo "2186"]
[PlyCount "31"]
[EventDate "2022.01.24"]
[EventType "swiss"]
[EventRounds "10"]
[EventCountry "BRA"]
[SourceTitle "EXT 2023"]
[Source "ChessBase"]
[SourceDate "2022.10.05"]
[SourceVersion "1"]
[SourceVersionDate "2022.10.05"]
[SourceQuality "1"]

1. d4 d5 2. Nf3 Nf6 3. c4 e6 4. g3 Bb4+ 5. Nbd2 0-0 6. Bg2 b6 7. 0-0 Bb7 8. cxd5 Bxd5 9. a3 Bxd2 10. Bxd2 Nbd7 11. Rc1 c5 12. Bg5 Rc8 13. Re1 cxd4 14. Qxd4 Rxc1 15. Rxc1 Qa8 16. Bxf6 1/2-1/2

[Event "BRA-ch 87th"]
[Site "Cuiaba"]
[Date "2021.10.29"]
[Round "3"]
[White "Sega, Carlos Alberto"]
[Black "Santiago, Yago de Moura"]
[Result "1/2-1/2"]
[WhiteElo "2164"]
[BlackElo "2478"]
[PlyCount "48"]
[EventDate "2021.10.28"]
[EventType "swiss"]
[EventRounds "11"]
[EventCountry "BRA"]
[SourceTitle "CBM 205 Extra"]
[Source "ChessBase"]
[SourceDate "2022.01.31"]
[SourceVersion "1"]
[SourceVersionDate "2022.01.31"]
[SourceQuality "1"]

1. c4 e6 2. g3 d5 3. Bg2 Nf6 4. Nf3 g6 5. 0-0 Bg7 6. d4 0-0 7. Qc2 b6 8. Nc3 Bb7 9. cxd5 exd5 10. Bg5 Na6 11. Rfd1 Qe7 12. Ne5 Qe6 13. Qb3 c6 14. Bxf6 Bxf6 15. e4 Bxe5 16. exd5 cxd5 17. Re1 Qg4 18. dxe5 Nc5 19. Qd1 Qb4 20. Bxd5 Rad8 21. Qf3 Qxb2 22. Rad1 Rd7 23. Bxb7 Rxb7 24. Nd5 Qxa2 1/2-1/2

[Event "Florianopolis op 7th"]
[Site "Florianopolis"]
[Date "2021.01.24"]
[Round "10"]
[White "Sega, Carlos Alberto"]
[Black "De Moura, Sergio Jovelino"]
[Result "1/2-1/2"]
[WhiteElo "2183"]
[BlackElo "1950"]
[PlyCount "125"]
[EventDate "2021.01.18"]
[EventType "swiss"]
[EventRounds "10"]
[EventCountry "BRA"]
[SourceTitle "CBM 200 Extra"]
[Source "ChessBase"]
[SourceDate "2021.03.31"]
[SourceVersion "1"]
[SourceVersionDate "2021.03.31"]
[SourceQuality "1"]

1. d4 Nf6 2. Bg5 g6 3. Bxf6 exf6 4. e3 Bg7 5. Bd3 f5 6. Nd2 d6 7. c3 Nd7 8. Ngf3 0-0 9. 0-0 Nf6 10. e4 fxe4 11. Nxe4 c6 12. Re1 Nxe4 13. Bxe4 Re8 14. Qc2 Be6 15. h3 f5 16. Bd3 Bd5 17. Nd2 Qg5 18. Bf1 Bh6 19. Nc4 Qf6 20. Nd2 Qg5 21. Nc4 Qf6 22. Nd2 Bf7 23. Bc4 c5 24. Bxf7+ Qxf7 25. Nf3 a6 26. dxc5 dxc5 27. c4 Bg7 28. Rad1 Rxe1+ 29. Rxe1 Rd8 30. b3 Qd7 31. Qe2 Bf6 32. Qe3 Bd4 33. Qe7 Bc3 34. Re2 Qxe7 35. Rxe7 b5 36. cxb5 axb5 37. Re2 b4 38. g3 Kf7 39. Ng5+ Kg8 40. Nf3 h6 41. Kg2 Kg7 42. Nh2 Kf6 43. Nf1 g5 44. Ne3 Rd3 45. Nc4 Rd8 46. Kf3 h5 47. Kg2 h4 48. gxh4 gxh4 49. Kf3 Rd3+ 50. Re3 Rd8 51. Re2 Bd4 52. Re1 Ra8 53. Re2 Ra6 54. Kg2 Kg6 55. Kf3 Kg5 56. Rc2 Ra7 57. Re2 Bc3 58. Nd6 Rd7 59. Nc4 Rd8 60. Re6 Rd3+ 61. Re3 Rd8 62. Re6 f4 63. Rd6 1/2-1/2

[Event "Florianopolis op 7th"]
[Site "Florianopolis"]
[Date "2021.01.21"]
[Round "6"]
[White "Sega, Carlos Alberto"]
[Black "Eger, Laura Luisa"]
[Result "1-0"]
[WhiteElo "2183"]
[BlackElo "1720"]
[PlyCount "129"]
[EventDate "2021.01.18"]
[EventType "swiss"]
[EventRounds "10"]
[EventCountry "BRA"]
[SourceTitle "CBM 200 Extra"]
[Source "ChessBase"]
[SourceDate "2021.03.31"]
[SourceVersion "1"]
[SourceVersionDate "2021.03.31"]
[SourceQuality "1"]

1. c4 c6 2. b3 d5 3. Bb2 Nf6 4. e3 Bf5 5. Nf3 e6 6. Nc3 Nbd7 7. Be2 h6 8. Rc1 Be7 9. 0-0 0-0 10. d4 Ne4 11. Nxe4 Bxe4 12. Nd2 Bg6 13. a3 a5 14. Re1 Nf6 15. Nf3 dxc4 16. Bxc4 Qc7 17. Ne5 Bh7 18. h3 Bd6 19. Ng4 Nxg4 20. Qxg4 Qe7 21. a4 Bf5 22. Qf3 Rfb8 23. Bf1 Ba3 24. Bxa3 Qxa3 25. e4 Bg6 26. d5 cxd5 27. exd5 exd5 28. Qxd5 Qb4 29. Bc4 Rd8 30. Qf3 Rd2 31. Re5 Rd7 32. Rce1 Rad8 33. h4 h5 34. g3 b6 35. Kg2 Qd6 36. Re8+ Kh7 37. Rxd8 Rxd8 38. Bxf7 Bxf7 39. Qxf7 Qd5+ 40. Qxd5 Rxd5 41. Re6 b5 42. Ra6 bxa4 43. bxa4 Rf5 44. f3 Rc5 45. f4 g6 46. Ra7+ Kh6 47. Ra6 Kg7 48. Kf2 Kf7 49. g4 hxg4 50. Kg3 Kg7 51. Kxg4 Kh6 52. Re6 Kg7 53. Re5 Rc1 54. h5 Rg1+ 55. Kf3 Rf1+ 56. Kg3 gxh5 57. Rxh5 Rg1+ 58. Kf2 Rg4 59. Kf3 Rg1 60. Rxa5 Rf1+ 61. Ke4 Re1+ 62. Kf5 Ra1 63. Ra7+ Kg8 64. Kg6 Rg1+ 65. Kf6 1-0

[Event "Florianopolis op 7th"]
[Site "Florianopolis"]
[Date "2021.01.19"]
[Round "3"]
[White "Fier, Alexandr"]
[Black "Sega, Carlos Alberto"]
[Result "1/2-1/2"]
[WhiteElo "2553"]
[BlackElo "2183"]
[PlyCount "175"]
[EventDate "2021.01.18"]
[EventType "swiss"]
[EventRounds "10"]
[EventCountry "BRA"]
[SourceTitle "CBM 200 Extra"]
[Source "ChessBase"]
[SourceDate "2021.03.31"]
[SourceVersion "1"]
[SourceVersionDate "2021.03.31"]
[SourceQuality "1"]

1. e4 e5 2. Nf3 Nc6 3. Bb5 a6 4. Ba4 Nf6 5. 0-0 Be7 6. Re1 b5 7. Bb3 d6 8. c3 0-0 9. h3 Nb8 10. d4 Nbd7 11. Nbd2 Bb7 12. Bc2 Re8 13. Nf1 Bf8 14. Ng3 g6 15. a4 c6 16. Bg5 h6 17. Be3 exd4 18. cxd4 c5 19. d5 Bg7 20. Qd2 Kh7 21. Rac1 Nb6 22. b3 bxa4 23. Bf4 axb3 24. Bxb3 a5 25. h4 Ng4 26. h5 a4 27. Ba2 a3 28. Nh2 Ne5 29. Nf3 Nbd7 30. Re3 g5 31. Bxe5 Nxe5 32. Nf5 Bf6 33. Nxe5 Bxe5 34. Rf3 Bc8 35. Ne3 Kg7 36. Nc4 Bd4 37. Re1 Bg4 38. Rxa3 Rxa3 39. Nxa3 Bxh5 40. Nc2 Be5 41. Ne3 Bg6 42. Bb1 Qd7 43. Bd3 Bd4 44. Nc2 Bf6 45. Na3 Qa4 46. Nc4 Bxe4 47. Bxe4 Rxe4 48. Nxd6 Rxe1+ 49. Qxe1 Qf4 50. Ne4 Bd4 51. d6 Qe5 52. Qb1 c4 53. Qb7 c3 54. Qc6 Qe6 55. Kf1 Qb3 56. g4 Qd1+ 57. Kg2 Qxg4+ 58. Ng3 Be5 59. d7 Bxg3 60. fxg3 Qe2+ 61. Kh3 Qf1+ 62. Kh2 Qd3 63. d8Q Qxd8 64. Qxc3+ Qf6 65. Qc2 h5 66. Qe2 Kg6 67. Qc2+ Kh6 68. Qd2 Qe5 69. Qf2 f6 70. Kg1 Kg6 71. Qc2+ Qf5 72. Qc4 Qe5 73. Qc2+ f5 74. Qc6+ Qf6 75. Qe8+ Kh6 76. Qd7 f4 77. gxf4 gxf4 78. Kf1 Qe5 79. Qd8 Kg6 80. Qg8+ Kf5 81. Qf7+ Kg4 82. Qg8+ Kh4 83. Qd8+ Qg5 84. Qa8 Qg4 85. Kf2 Qg3+ 86. Ke2 Qe3+ 87. Kf1 f3 88. Qa4+ 1/2-1/2

[Event "Sao Paulo op-A U2300 8th"]
[Site "Sao Paulo"]
[Date "2019.10.20"]
[Round "6"]
[White "Pacheco, Helcio Alexandre"]
[Black "Sega, Carlos Alberto"]
[Result "1/2-1/2"]
[WhiteElo "2129"]
[BlackElo "2190"]
[PlyCount "74"]
[EventDate "2019.10.17"]
[EventType "swiss"]
[EventRounds "6"]
[EventCountry "BRA"]
[SourceTitle "CBM 192 Extra"]
[Source "Chessbase"]
[SourceDate "2019.11.06"]
[SourceVersion "1"]
[SourceVersionDate "2019.11.06"]
[SourceQuality "1"]

1. Nf3 d5 2. g3 Nf6 3. Bg2 e6 4. 0-0 Be7 5. c4 0-0 6. d4 c6 7. Nc3 b6 8. Qd3 Ba6 9. b3 Nbd7 10. e4 Rc8 11. Rd1 dxe4 12. Nxe4 Nxe4 13. Qxe4 b5 14. Qc2 bxc4 15. bxc4 Qa5 16. Bf4 c5 17. d5 exd5 18. cxd5 Bf6 19. Rac1 Bb5 20. Re1 Rfe8 21. Bd2 Qa6 22. Be3 Bd3 23. Bf1 Bxf1 24. Rxf1 g6 25. Rfd1 Rb8 26. Rb1 c4 27. Rxb8 Rxb8 28. Bd4 Qa3 29. Bxf6 Nxf6 30. Ne5 c3 31. Nc4 Qb4 32. Ne3 Qc5 33. Qd3 Rd8 34. Rc1 Nxd5 35. Nxd5 Rxd5 36. Rxc3 Rxd3 37. Rxc5 Ra3 1/2-1/2

[Event "Sao Paulo op-A U2300 8th"]
[Site "Sao Paulo"]
[Date "2019.10.20"]
[Round "5"]
[White "Sega, Carlos Alberto"]
[Black "Do Valle Cardoso, Lucas"]
[Result "1/2-1/2"]
[WhiteElo "2190"]
[BlackElo "2238"]
[PlyCount "66"]
[EventDate "2019.10.17"]
[EventType "swiss"]
[EventRounds "6"]
[EventCountry "BRA"]
[SourceTitle "CBM 192 Extra"]
[Source "Chessbase"]
[SourceDate "2019.11.06"]
[SourceVersion "1"]
[SourceVersionDate "2019.11.06"]
[SourceQuality "1"]

1. c4 e6 2. g3 d5 3. Bg2 Nf6 4. Nf3 dxc4 5. Qa4+ Nbd7 6. 0-0 a6 7. Qxc4 b5 8. Qc2 Bb7 9. d3 Be7 10. a4 c5 11. axb5 axb5 12. Rxa8 Qxa8 13. Na3 Bc6 14. b3 0-0 15. Bb2 Rc8 16. Ra1 Qb7 17. Nb1 Nd5 18. Nbd2 Nb4 19. Qd1 h6 20. h4 Rd8 21. Ra5 Ra8 22. Qa1 Rxa5 23. Qxa5 Qa8 24. Qxa8+ Bxa8 25. Ne1 Bxg2 26. Kxg2 Bf6 27. Bxf6 Nxf6 28. Nb1 Nc6 29. Nc2 Nd5 30. Kf1 Kf8 31. Nca3 b4 32. Nc4 Ke7 33. Ke1 Nd4 1/2-1/2

[Event "Niteroi op 1st"]
[Site "Niteroi"]
[Date "2019.09.06"]
[Round "4"]
[White "Sega, Carlos Alberto"]
[Black "Moyses Sobrinho, Elias"]
[Result "1/2-1/2"]
[WhiteElo "2183"]
[BlackElo "1904"]
[PlyCount "46"]
[EventDate "2019.09.04"]
[EventType "swiss"]
[EventRounds "7"]
[EventCountry "BRA"]
[SourceTitle "EXT 2020"]
[Source "ChessBase"]
[SourceDate "2019.10.17"]
[SourceVersion "1"]
[SourceVersionDate "2019.10.17"]
[SourceQuality "1"]

1. c4 e5 2. Nc3 Nf6 3. Nf3 Nc6 4. e4 d6 5. d4 Bg4 6. d5 Nd4 7. Be3 Nxf3+ 8. gxf3 Bd7 9. Qd2 Nh5 10. 0-0-0 f5 11. f4 exf4 12. Bd4 Qh4 13. e5 dxe5 14. Bxe5 0-0-0 15. Qd4 b6 16. c5 Bxc5 17. Ba6+ Kb8 18. Bxc7+ Kxc7 19. d6+ Kb8 20. Qd5 Bc8 21. Bxc8 Rxc8 22. d7 Rcd8 23. Qe5+ Kb7 1/2-1/2

[Event "Caioba Telecom op 5th"]
[Site "Caioba"]
[Date "2019.08.14"]
[Round "4"]
[White "Sega, Carlos Alberto"]
[Black "Garcia Palermo, Carlos H"]
[Result "0-1"]
[WhiteElo "2166"]
[BlackElo "2429"]
[PlyCount "48"]
[EventDate "2019.08.12"]
[EventType "swiss"]
[EventRounds "9"]
[EventCountry "BRA"]
[SourceTitle "EXT 2020"]
[Source "ChessBase"]
[SourceDate "2019.10.17"]
[SourceVersion "1"]
[SourceVersionDate "2019.10.17"]
[SourceQuality "1"]

1. c4 b6 2. Nc3 Bb7 3. d4 e6 4. a3 f5 5. d5 Nf6 6. g3 Bd6 7. Bg2 a5 8. Nh3 Na6 9. 0-0 0-0 10. Bd2 Nc5 11. Nb5 exd5 12. Nxd6 cxd6 13. cxd5 a4 14. Bf4 Qe7 15. Qc2 Nxd5 16. Qc4 Ne4 17. Rad1 Rfc8 18. Qa2 Kh8 19. Rd4 Nxf4 20. Nxf4 Rc2 21. Qb1 Rac8 22. Rfd1 g5 23. Nd5 Bxd5 24. Rxd5 Nxf2 0-1

[Event "Caioba Telecom op 5th"]
[Site "Caioba"]
[Date "2019.08.13"]
[Round "2"]
[White "Sega, Carlos Alberto"]
[Black "Amura, Claudia Noemi"]
[Result "1/2-1/2"]
[WhiteElo "2166"]
[BlackElo "2247"]
[PlyCount "71"]
[EventDate "2019.08.12"]
[EventType "swiss"]
[EventRounds "9"]
[EventCountry "BRA"]
[SourceTitle "EXT 2020"]
[Source "ChessBase"]
[SourceDate "2019.10.17"]
[SourceVersion "1"]
[SourceVersionDate "2019.10.17"]
[SourceQuality "1"]

1. c4 e6 2. g3 c5 3. Nf3 d5 4. Bg2 Nc6 5. cxd5 exd5 6. d4 cxd4 7. 0-0 Bc5 8. Nbd2 Bg4 9. Nb3 Bxf3 10. Bxf3 Bb6 11. a4 a5 12. Qd3 Nge7 13. Bf4 0-0 14. Qb5 Na7 15. Qd3 Ng6 16. Qf5 Nxf4 17. Qxf4 Nc6 18. Rac1 Rc8 19. Nc5 Qe7 20. Nd3 Rcd8 21. Rfd1 Rd6 22. Qf5 Rfd8 23. Rd2 g6 24. Qh3 h5 25. Rdc2 Kg7 26. b3 Rf6 27. Qg2 Rf5 28. h4 Ne5 29. Nxe5 Rxe5 30. Rd1 Re6 31. Bxd5 Rxe2 32. Rxe2 Qxe2 33. Qf3 Qxf3 34. Bxf3 d3 35. Rd2 Bd4 36. Be4 1/2-1/2

[Event "Registro op 10th"]
[Site "Registro"]
[Date "2019.08.04"]
[Round "7"]
[White "Ichimura G Barbosa, Larissa Yuki"]
[Black "Sega, Carlos Alberto"]
[Result "1/2-1/2"]
[WhiteElo "2033"]
[BlackElo "2166"]
[PlyCount "20"]
[EventDate "2019.08.01"]
[EventType "swiss"]
[EventRounds "7"]
[EventCountry "BRA"]
[SourceTitle "EXT 2020"]
[Source "ChessBase"]
[SourceDate "2019.10.17"]
[SourceVersion "1"]
[SourceVersionDate "2019.10.17"]
[SourceQuality "1"]

1. e4 e5 2. Nf3 Nc6 3. Bb5 a6 4. Ba4 Nf6 5. d3 d6 6. c3 g6 7. 0-0 Bg7 8. Re1 0-0 9. h3 h6 10. d4 b5 1/2-1/2

[Event "American Continental 15th"]
[Site "Sao Paulo"]
[Date "2019.07.09"]
[Round "7"]
[White "Soares, Paulo Henrique Dos"]
[Black "Sega, Carlos Alberto"]
[Result "1/2-1/2"]
[WhiteElo "1922"]
[BlackElo "2220"]
[PlyCount "79"]
[EventDate "2019.07.05"]
[EventType "swiss"]
[EventRounds "11"]
[EventCountry "BRA"]
[SourceTitle "CBM 191 Extra"]
[Source "ChessBase"]
[SourceDate "2019.09.30"]
[SourceVersion "1"]
[SourceVersionDate "2019.09.30"]
[SourceQuality "1"]

1. d4 g6 2. Bf4 Bg7 3. e3 d6 4. Nf3 Nd7 5. h3 e5 6. Bg5 Ne7 7. Bh4 0-0 8. c4 f6 9. Bg3 f5 10. Nc3 e4 11. Nd2 Nf6 12. b4 Nh5 13. Bh2 c5 14. Nb3 cxd4 15. exd4 Nc6 16. b5 Na5 17. Be2 Nxb3 18. axb3 Qf6 19. 0-0 Qxd4 20. Rc1 e3 21. Nd5 exf2+ 22. Rxf2 Qh4 23. Rf3 Bd4+ 24. Kh1 Be5 25. Nc7 Bxh2 26. Kxh2 f4 27. Qd5+ Kg7 28. Nxa8 Bg4 29. Qxb7+ Kh6 30. Nc7 Rf7 31. Rcf1 Bxf3 32. Bxf3 Ng3 33. Rd1 Re7 34. Qxa7 Ne2 35. Qb8 Kg7 36. Ne8+ Kh6 37. Nxd6 Qg3+ 38. Kh1 Kg7 39. Qd8 Re3 40. Nf5+ 1/2-1/2

[Event "American Continental 15th"]
[Site "Sao Paulo"]
[Date "2019.07.08"]
[Round "5"]
[White "Almeida Junior, Alvaro Alves de"]
[Black "Sega, Carlos Alberto"]
[Result "1-0"]
[WhiteElo "2076"]
[BlackElo "2220"]
[PlyCount "55"]
[EventDate "2019.07.05"]
[EventType "swiss"]
[EventRounds "11"]
[EventCountry "BRA"]
[SourceTitle "CBM 191 Extra"]
[Source "ChessBase"]
[SourceDate "2019.09.30"]
[SourceVersion "1"]
[SourceVersionDate "2019.09.30"]
[SourceQuality "1"]

1. e4 e5 2. Nf3 Nc6 3. Bc4 Nf6 4. Ng5 d5 5. exd5 Na5 6. Bb5+ c6 7. dxc6 bxc6 8. Qf3 Be7 9. Bd3 h6 10. Ne4 Nd5 11. Ng3 g6 12. a3 Nf4 13. b4 Nxd3+ 14. cxd3 Nb3 15. Ra2 Nd4 16. Qe4 Be6 17. Rb2 Bd5 18. Qxe5 0-0 19. Qxd4 Bf6 20. Qe3 Bxg2 21. Rg1 Bd4 22. Qxh6 Re8+ 23. Kd1 Bg7 24. Qf4 Bxb2 25. Bxb2 Qxd3 26. Kc1 Re6 27. Qh6 f6 28. Nh5 1-0

[Event "American Continental 15th"]
[Site "Sao Paulo"]
[Date "2019.07.07"]
[Round "3"]
[White "Urquiza, Marcello de Albuque"]
[Black "Sega, Carlos Alberto"]
[Result "1-0"]
[WhiteElo "2043"]
[BlackElo "2220"]
[PlyCount "109"]
[EventDate "2019.07.05"]
[EventType "swiss"]
[EventRounds "11"]
[EventCountry "BRA"]
[SourceTitle "CBM 191 Extra"]
[Source "ChessBase"]
[SourceDate "2019.09.30"]
[SourceVersion "1"]
[SourceVersionDate "2019.09.30"]
[SourceQuality "1"]

1. e4 e5 2. Nf3 Nc6 3. d4 exd4 4. Nxd4 Nf6 5. Nc3 Bb4 6. Nxc6 bxc6 7. Bd3 d5 8. exd5 cxd5 9. 0-0 0-0 10. h3 a5 11. Qf3 Ba6 12. Bg5 Bxd3 13. cxd3 Bxc3 14. bxc3 Ra6 15. Rab1 h6 16. Be3 Qd6 17. Qf4 Qxf4 18. Bxf4 c5 19. Rb7 Rc8 20. c4 dxc4 21. dxc4 Re6 22. Be3 Ne4 23. Rc1 Nd6 24. Ra7 Nf5 25. Rc3 Nd4 26. Kf1 Nc6 27. Ra6 Rb8 28. Rb3 Rb4 29. Rxb4 cxb4 30. Ra8+ Kh7 31. Ke2 f5 32. Kd3 Re4 33. f4 g5 34. g3 gxf4 35. gxf4 Re7 36. c5 b3 37. axb3 Nb4+ 38. Kd2 Nd5 39. Bd4 Nxf4 40. Rxa5 Rd7 41. Ke3 Nd5+ 42. Kd3 Nb4+ 43. Kc3 Nc6 44. Ra4 Rd5 45. Bf2 Ne5 46. Ra6 Rd3+ 47. Kc2 Rxh3 48. Bd4 Nf3 49. Bc3 Ng5 50. c6 Rh2+ 51. Kd3 Ne4 52. Bd4 Rd2+ 53. Ke3 Rc2 54. b4 Nd6 55. Bc5 1-0

[Event "Barueri op 3rd"]
[Site "Barueri"]
[Date "2019.04.20"]
[Round "4"]
[White "Matsuura, Everaldo"]
[Black "Sega, Carlos Alberto"]
[Result "1/2-1/2"]
[WhiteElo "2468"]
[BlackElo "2209"]
[PlyCount "59"]
[EventDate "2019.04.19"]
[EventType "swiss"]
[EventRounds "6"]
[EventCountry "BRA"]
[SourceTitle "CBM 190 Extra"]
[Source "ChessBase"]
[SourceDate "2019.07.15"]
[SourceVersion "1"]
[SourceVersionDate "2019.07.15"]
[SourceQuality "1"]

1. e4 e5 2. Nf3 Nc6 3. d4 exd4 4. Nxd4 Nf6 5. Nxc6 bxc6 6. e5 Qe7 7. Qe2 Nd5 8. c4 Nb6 9. Nc3 Qe6 10. Qe4 g6 11. Bd3 Bg7 12. f4 0-0 13. 0-0 f5 14. Qe2 d6 15. c5 dxc5 16. b3 c4 17. bxc4 Ba6 18. Be3 Rfd8 19. Rfd1 Bxc4 20. Bxc4 Qxc4 21. Qxc4+ Nxc4 22. Bc5 g5 23. g3 gxf4 24. gxf4 Bh6 25. Ne2 Rd5 26. Rxd5 cxd5 27. Rb1 Rd8 28. Nd4 Re8 29. Nxf5 Bxf4 30. Ne7+ 1/2-1/2

[Event "Sao Paulo U2300 op 7th"]
[Site "Sao Paulo"]
[Date "2018.04.01"]
[Round "5"]
[White "Menna Barreto, Felipe Kubiaki"]
[Black "Sega, Carlos Alberto"]
[Result "1/2-1/2"]
[WhiteElo "2321"]
[BlackElo "2192"]
[PlyCount "33"]
[EventDate "2018.03.30"]
[EventType "swiss"]
[EventRounds "6"]
[EventCountry "BRA"]
[SourceTitle "CBM 183 Extra"]
[Source "ChessBase"]
[SourceDate "2018.04.19"]
[SourceVersion "1"]
[SourceVersionDate "2018.04.19"]
[SourceQuality "1"]

1. e4 e5 2. Nf3 Nc6 3. Bc4 Nf6 4. d3 Be7 5. 0-0 0-0 6. Re1 d6 7. a4 a6 8. c3 h6 9. Nbd2 Nh7 10. h3 Ng5 11. d4 Kh8 12. dxe5 Nxe5 13. Nxe5 dxe5 14. Qh5 f5 15. exf5 Rxf5 16. Qe2 Bc5 17. Qh5 1/2-1/2